Jeden z Dziesięciu 11 - Statystyki

Ogólne statystyki
  • Ten quiz został rozwiązany 16 razy
  • Średni wynik to 26 z 40
Statystyki odpowiedzi
Zagadnienie Odpowiedź % Poprawnych
Ile wynosi suma cyfr roku bitwy pod Grunwaldem? 6
93%
Jak nazywa się statek, który ciągnie inne statki albo barki? Holownik
93%
Domena internetowa którego państwa to ".ca"? Kolumbii, Kanady, czy Korei Południowej? Kanady
93%
Jaki to rodzaj liczebników: "pierwszy", "druga", "dziesiąte"? Porządkowe
93%
Jak ma na imię tytułowy Dzwonnik z Notre Dame, główny bohater powieści Victora Hugo? Quasimodo
93%
Z którego języka pochodzi nazwa bułki kajzerki? Z niemieckiego
93%
"Brzuchonogi" to nazwa której gromady mięczaków? Ślimaków
87%
Czy ptak o nazwie "szczygieł" jest w Polsce pod ochroną? Tak
87%
W którym mieście stoi barokowy pałac Schoenbrunn? W Wiedniu
87%
Jak nazywa się nauka o krwi, jej właściwościach, składzie, funkcjach i chorobach? Hematologia
80%
"Cyranka" to gatunek ptaka czy owcy australijskiej? Ptaka
80%
Czy udzielając komuś plenipotencji upoważniamy go do działania w naszym imieniu, czy też karcimy i strofujemy tę osobę? Upoważniamy do działania
80%
Stefan Banach, Hugo Steinhaus i Stanisław Ulam - w którym mieście działali ci polscy matematycy? We Lwowie
80%
W filmie "Katyń" Andrzeja Wajdy, dwie główne role kobiece zagrały dwie aktorki o tym samym imieniu. Jakim? Maja
73%
Mariański, Puerto Rico czy Filipiński? Który z tych rowów oceanicznych jest w dnie Oceanu Atlantyckiego? Puerto Rico
73%
Jak miał na imię pisarz Bratny, autor powieści "Kolumbowie. Rocznik 20"? Roman
73%
Muzułmański "Kaadi" to sędzia czy nauczyciel? Sędzia
73%
W którym roku odbył się po raz pierwszy festiwal muzyczny w Woodstock? 1969
67%
Które zwierzęta ocaliły Rzym podczas oblężenia przez Galów w 390 r.p.n.e? Gęsi
67%
Jak nazywa się kąt równy połowie kąta półpełnego? Kąt prosty
67%
Nad którą rzeką leży Łowicz? Nad Bzurą
67%
Czy Helmut Kohl został kanclerzem Niemiec przed czy po wprowadzeniu stanu wojennego w Polsce? Po
67%
Czy angielska królowa Wiktoria była zamężna? Tak
67%
Jak miała na imię ukochana Kandyda, bohatera dramatu Woltera? Kunegunda
60%
Które miasto było miejscem kapitulacji armii francuskiej w czasie wojny francusko-pruskiej w 1870 r? Sedan
60%
Którymi ssakami zajmuje się dział zoologii o nazwie "cetologia"? Wielorybami
60%
W którym amerykańskim mieście znajdują się korty tenisowe Flashing Meadows? W Nowym Jorku
60%
W której dziedzinie Niels Bohr i jego syn Auge Niels Bohr, dostali nagrodę Nobla? Z fizyki
60%
Południki ziemskie określają długość czy szerokość geograficzną? Długość geograficzną
53%
Jak nazywa się wybitny rosyjski tancerz i baletmistrz, odtwórca głównej roli w amerykańskim filmie "Białe Noce". Michaił Barysznikow
53%
"Ozeki" i "yokozuna" to określenie mistrzów której japońskiej dyscypliny sportowej? Sumo
53%
Co oznacza łacińskie powiedzenie "Audaces Fortuna Iuvat"? Szczęście sprzyja odważnym
53%
Jakim pseudonimem posługiwał się Stanisław Mackiewicz, pisarz, publicysta i polityk? Cat
47%
Jakiego koloru obelisk występuje w tytule powieści Ericha Marii Remarque'a? Czarny
47%
Który premier Izraela zainicjował porozumienie izraelsko-palestyńskie, dostał pokojową nagrodę Nobla i został zamordowany w 1995 r? Icchak Rabin
40%
Polska odzyskała Pomorze z Gdańskiem w 1466 roku. W którym mieście podpisano traktat pokojowy w tej sprawie? W Toruniu
40%
W którym wieku tworzył wloski malarz Caravaggio? W XVI i XVII
40%
"Góry Białe" "Góry Zielone" "Pasmo Błękitne" to są pasma których amerykańskich gór? Appalachów
27%
Czy gedanit to odmiana bursztynu czy skała osadowa? Odmiana bursztynu
20%
Jak w religii katolickiej określa się anioła z najwyższego kręgu chóru anielskiego? Serafin
20%
Nie znaleziono quizów pasujących do podanych kryteriów
Rozkład punktacji
Procent ludzi z każdym wynikiem
Percentyl według liczby udzielonych odpowiedzi
Twoja historia wyników
Nie rozwiązałeś tego quizu